<?xml version="1.0" encoding="UTF-8"?>
<record
    xmlns:xsi="http://www.w3.org/2001/XMLSchema-instance"
    xsi:schemaLocation="http://www.loc.gov/MARC21/slim http://www.loc.gov/standards/marcxml/schema/MARC21slim.xsd"
    xmlns="http://www.loc.gov/MARC21/slim">

  <leader>00429nam a22001337a 4500</leader>
  <datafield tag="040" ind1=" " ind2=" ">
    <subfield code="c">RUA</subfield>
  </datafield>
  <datafield tag="082" ind1=" " ind2=" ">
    <subfield code="a">AGI MEA 2015 B512 Or.1</subfield>
  </datafield>
  <datafield tag="100" ind1=" " ind2=" ">
    <subfield code="a">MEAN AUN; &#x1798;&#x17B6;&#x1793;&#x200B; &#x17A2;&#x17BC;&#x1793;</subfield>
  </datafield>
  <datafield tag="245" ind1=" " ind2=" ">
    <subfield code="a">Processing of persimmon confectionery production. &#x1780;&#x17B6;&#x179A;&#x1780;&#x17C2;&#x1785;&#x17D2;&#x1793;&#x17C3;&#x1795;&#x179B;&#x17B7;&#x178F;&#x1795;&#x179B;&#x178A;&#x17C6;&#x178E;&#x17B6;&#x1794;&#x17CB;&#x1791;&#x1798;&#x17D2;&#x179B;&#x17B6;&#x1794;&#x17CB;</subfield>
  </datafield>
  <datafield tag="260" ind1=" " ind2=" ">
    <subfield code="a">RUA</subfield>
    <subfield code="b">MEA</subfield>
    <subfield code="c">2015 </subfield>
  </datafield>
  <datafield tag="300" ind1=" " ind2=" ">
    <subfield code="a">viii,31p.</subfield>
    <subfield code="b">ill.</subfield>
    <subfield code="c">29cm.</subfield>
  </datafield>
  <datafield tag="856" ind1=" " ind2=" ">
    <subfield code="u"> MEAN AUN</subfield>
  </datafield>
  <datafield tag="942" ind1=" " ind2=" ">
    <subfield code="c">AGI</subfield>
  </datafield>
  <datafield tag="999" ind1=" " ind2=" ">
    <subfield code="c">8991</subfield>
    <subfield code="d">8991</subfield>
  </datafield>
  <datafield tag="952" ind1=" " ind2=" ">
    <subfield code="0">0</subfield>
    <subfield code="1">0</subfield>
    <subfield code="2">ddc</subfield>
    <subfield code="4">0</subfield>
    <subfield code="6">AGI_MEA_2015_000000000000000_B512_OR_1</subfield>
    <subfield code="7">0</subfield>
    <subfield code="9">50390</subfield>
    <subfield code="a">LBB</subfield>
    <subfield code="b">LBB</subfield>
    <subfield code="c">B512</subfield>
    <subfield code="d">2016-08-22</subfield>
    <subfield code="o">AGI MEA 2015 B512 Or.1</subfield>
    <subfield code="p">RUA061127</subfield>
    <subfield code="r">2016-08-22</subfield>
    <subfield code="w">2016-08-22</subfield>
    <subfield code="y">AGI</subfield>
  </datafield>
  <datafield tag="952" ind1=" " ind2=" ">
    <subfield code="0">0</subfield>
    <subfield code="1">0</subfield>
    <subfield code="2">ddc</subfield>
    <subfield code="4">0</subfield>
    <subfield code="6">AGI_MEA_2015_000000000000000_B512_OR_2</subfield>
    <subfield code="7">0</subfield>
    <subfield code="9">50391</subfield>
    <subfield code="a">LBB</subfield>
    <subfield code="b">LBB</subfield>
    <subfield code="c">B512</subfield>
    <subfield code="d">2016-08-22</subfield>
    <subfield code="l">2</subfield>
    <subfield code="o">AGI MEA 2015 B512 Or.2</subfield>
    <subfield code="p">RUA061067</subfield>
    <subfield code="r">2020-09-02</subfield>
    <subfield code="s">2020-08-10</subfield>
    <subfield code="w">2016-08-22</subfield>
    <subfield code="y">AGI</subfield>
  </datafield>
  <datafield tag="952" ind1=" " ind2=" ">
    <subfield code="0">0</subfield>
    <subfield code="1">0</subfield>
    <subfield code="2">ddc</subfield>
    <subfield code="4">0</subfield>
    <subfield code="6">AGI_MEA_2015_000000000000000_B512_OR_3</subfield>
    <subfield code="7">0</subfield>
    <subfield code="9">50392</subfield>
    <subfield code="a">LBB</subfield>
    <subfield code="b">LBB</subfield>
    <subfield code="c">B512</subfield>
    <subfield code="d">2016-08-22</subfield>
    <subfield code="l">1</subfield>
    <subfield code="o">AGI MEA 2015 B512 Or.3</subfield>
    <subfield code="p">RUA061007</subfield>
    <subfield code="q">2020-08-28</subfield>
    <subfield code="r">2020-07-24</subfield>
    <subfield code="s">2020-07-24</subfield>
    <subfield code="w">2016-08-22</subfield>
    <subfield code="y">AGI</subfield>
  </datafield>
  <datafield tag="952" ind1=" " ind2=" ">
    <subfield code="0">0</subfield>
    <subfield code="1">0</subfield>
    <subfield code="2">ddc</subfield>
    <subfield code="4">0</subfield>
    <subfield code="6">AGI_MEA_2015_000000000000000_B512_OR_4</subfield>
    <subfield code="7">0</subfield>
    <subfield code="9">50393</subfield>
    <subfield code="a">LBB</subfield>
    <subfield code="b">LBB</subfield>
    <subfield code="c">B512</subfield>
    <subfield code="d">2016-08-22</subfield>
    <subfield code="l">3</subfield>
    <subfield code="o">AGI MEA 2015 B512 Or.4</subfield>
    <subfield code="p">RUA060947</subfield>
    <subfield code="r">2021-11-01</subfield>
    <subfield code="s">2021-11-01</subfield>
    <subfield code="w">2016-08-22</subfield>
    <subfield code="y">AGI</subfield>
  </datafield>
  <datafield tag="952" ind1=" " ind2=" ">
    <subfield code="0">0</subfield>
    <subfield code="1">0</subfield>
    <subfield code="2">ddc</subfield>
    <subfield code="4">0</subfield>
    <subfield code="6">AGI_MEA_2015_000000000000000_B512_OR_5</subfield>
    <subfield code="7">0</subfield>
    <subfield code="9">50394</subfield>
    <subfield code="a">LBB</subfield>
    <subfield code="b">LBB</subfield>
    <subfield code="c">B512</subfield>
    <subfield code="d">2016-08-22</subfield>
    <subfield code="l">1</subfield>
    <subfield code="o">AGI MEA 2015 B512 Or.5</subfield>
    <subfield code="p">RUA061750</subfield>
    <subfield code="r">2019-05-27</subfield>
    <subfield code="s">2019-05-10</subfield>
    <subfield code="w">2016-08-22</subfield>
    <subfield code="y">AGI</subfield>
  </datafield>
  <datafield tag="952" ind1=" " ind2=" ">
    <subfield code="0">0</subfield>
    <subfield code="1">0</subfield>
    <subfield code="2">ddc</subfield>
    <subfield code="4">0</subfield>
    <subfield code="6">AGI_MEA_2015_000000000000000_B512_OR_6</subfield>
    <subfield code="7">0</subfield>
    <subfield code="9">50395</subfield>
    <subfield code="a">LBB</subfield>
    <subfield code="b">LBB</subfield>
    <subfield code="c">B512</subfield>
    <subfield code="d">2016-08-22</subfield>
    <subfield code="l">3</subfield>
    <subfield code="o">AGI MEA 2015 B512 Or.6</subfield>
    <subfield code="p">RUA060651</subfield>
    <subfield code="r">2017-01-13</subfield>
    <subfield code="s">2016-12-09</subfield>
    <subfield code="w">2016-08-22</subfield>
    <subfield code="y">AGI</subfield>
  </datafield>
  <datafield tag="952" ind1=" " ind2=" ">
    <subfield code="0">0</subfield>
    <subfield code="1">0</subfield>
    <subfield code="2">ddc</subfield>
    <subfield code="4">0</subfield>
    <subfield code="6">AGI_MEA_2015_000000000000000_B512_OR_7</subfield>
    <subfield code="7">0</subfield>
    <subfield code="9">50396</subfield>
    <subfield code="a">LBB</subfield>
    <subfield code="b">LBB</subfield>
    <subfield code="c">B512</subfield>
    <subfield code="d">2016-08-22</subfield>
    <subfield code="l">1</subfield>
    <subfield code="o">AGI MEA 2015 B512 Or.7</subfield>
    <subfield code="p">RUA061044</subfield>
    <subfield code="r">2017-08-07</subfield>
    <subfield code="s">2017-07-31</subfield>
    <subfield code="w">2016-08-22</subfield>
    <subfield code="y">AGI</subfield>
  </datafield>
  <datafield tag="952" ind1=" " ind2=" ">
    <subfield code="0">0</subfield>
    <subfield code="1">0</subfield>
    <subfield code="2">ddc</subfield>
    <subfield code="4">0</subfield>
    <subfield code="6">AGI_MEA_2015_000000000000000_B512_OR_8</subfield>
    <subfield code="7">0</subfield>
    <subfield code="9">50397</subfield>
    <subfield code="a">LBB</subfield>
    <subfield code="b">LBB</subfield>
    <subfield code="c">B512</subfield>
    <subfield code="d">2016-08-22</subfield>
    <subfield code="l">2</subfield>
    <subfield code="m">1</subfield>
    <subfield code="o">AGI MEA 2015 B512 Or.8</subfield>
    <subfield code="p">RUA061128</subfield>
    <subfield code="r">2018-11-14</subfield>
    <subfield code="s">2018-11-14</subfield>
    <subfield code="w">2016-08-22</subfield>
    <subfield code="y">AGI</subfield>
  </datafield>
</record>
